Statistics for The Sopranos Actors who were in Goodfellas

Click here to take the quiz!

General Stats

  • This quiz has been taken 36 times
  • The average score is 5 of 10

Answer Stats

HintAnswer% Correct
Played Karen Hill in Goodfellas and Dr. Jennifer Melfi in The SopranosLorraine Bracco
88%
Played Spider in Goodfellas and Christopher Moltisanti in The SopranosMichael Imperioli
88%
Played Billy Batts in Goodfellas and Phil Leotardo in The SopranosFrank Vincent
85%
Played Tony Stacks in Goodfellas and Paulie Gualtieri in The SopranosTony Sirico
79%
Played a background character in Goodfellas and Pussy Bonpensiero in The SopranosVincent Pastore
52%
Played Frankie the Wop in Goodfellas and Carmine Lupertazzi Sr. in The SopranosTony Lip
42%
Played Sonny Bunz in Goodfellas and Larry Boy Barese in The SopranosTony Darrow
30%
Played Morrie Kessler in Goodfellas and Shlomo Teittleman in The SopranosChuck Low
18%
Played Johnny Dio in Goodfellas and FBI Chief Frank Cubitoso in The SopranosFrank Pellegrino
18%
Played a parole officer in Goodfellas and Major Carl Zwingli in The SopranosTobin Bell
15%

Score Distribution

Percentile by Number Answered

Percent of People with Each Score

Your Score History

You have not taken this quiz